Jeux de mots - Mots en sandwich - 2 - Statistiques

Statistiques générales
  • Ce quiz a été pris 367 fois
  • Le résultat moyen est 7 sur 15
Statistiques - réponses
Hint Réponse Hint % Correct
Tir à L' Arc De Triomphe
100%
Sac à Dos De cabillaud
91%
Clins d' Oeil De Boeuf
89%
Contre Sens Giratoire
75%
Pieds à Terre De Feu
65%
Chou Fleur Bleue
64%
Timbre Poste De Police
60%
Messe Basse Besogne
47%
Maître Chien De garde
39%
Pots de Vin De garde
29%
Contre Courant Politique
22%
Bas Joue De porc
11%
Porte Monnaie De Singe
8%
Princesse Grace Présidentielle
4%
Coupe Papier Glacé
2%
Aucun quiz correspondant
Distribution des résultats
% des personnes avec chaque résultat
Percentile par nombre de réponses
Votre historique - résultats
Vous n’avez pas pris ce quiz